[Event "HUN-chT Youth 2019"]
[Site "Budapest"]
[Date "2019.10.27"]
[Round "2.26"]
[White "Demjen, Mark"]
[Black "Pasztor, Balazs"]
[Result "1-0"]
[WhiteElo "1902"]
[BlackElo "2152"]
[Annotator "TA"]
[PlyCount "55"]
[EventDate "2019.10.26"]
[EventType "team-tourn"]
[EventCountry "HUN"]
[SourceTitle "playchess.com"]
[Source "ChessBase"]
[SourceQuality "1"]

{[%evp 24,59,27,23,31,33,39,31,0,-35,-9,-10,-14,0,-7,-13,53,44,43,81,71,45,89,78,77,75,442,452,437,437,518,522,509,339,353,339,310,297]} 1. e4 e5 2. Nf3 Nc6 3. Bb5 a6 4. Ba4 Nf6 5. O-O Be7 6. Re1 b5 7. Bb3 d6 8. c3 O-O 9. h3 Na5 10. Bc2 c5 11. d4 Nd7 12. Nbd2 {[%cal Bb1d2,Bd2f1,Bf1g3][%mdl 32]} exd4 13. cxd4 Re8 {C96: Closed Ruy Lopez: Chigorin Defence: 11 d4, replies other than 11...Qc7} 14. Nf1 Bb7 15. Ng3 g6 {White is slightly better.} 16. Bf4 {[#]} cxd4 $146 ({Predecessor:} 16... Bf6 17. Rc1 cxd4 18. Nxd4 Nc4 19. b3 Nce5 20. Bb1 Nc5 21. Nf3 {0-1 (28) Koykka,P (2242)-Efimenko,Z (2689) Eilat 2012}) 17. Nxd4 Bf6 18. b3 ({Reject} 18. Bxd6 Nc4 $17) 18... Rc8 {[#] aiming for ...Bxd4.} 19. Rc1 d5 (19... Nc6 $1 $11 20. Nxc6 Rxc6) 20. Ndf5 $1 $14 {[%cal Rf5d6]} gxf5 21. Nxf5 Ne5 {...d4! is the strong threat.} ({Not} 21... dxe4 $2 22. Nh6+ Kf8 23. Qg4 $18 (23. Bd6+ Kg7 $11)) 22. Nh6+ {[%mdl 1024] White has strong compensation.} Kf8 {[#]} 23. Qh5 $1 {Strongly threatening Bxe5.} Ng6 {Threatens to win with ...Bb2.} 24. e5 $40 {[%mdl 128] White is out for blood.} Bg7 $2 {[%mdl 8192]} (24... Rxc2 $16 25. Rxc2 d4) 25. Bg5 $18 Qb6 26. Nf5 Rxc2 27. Rxc2 Nxe5 28. Bd2 {Played: Rc2-e2} 1-0

[Event "HUN-chT Youth 2019"]
[Site "Budapest"]
[Date "2019.10.27"]
[Round "2.27"]
[White "Dibusz, Domonkos"]
[Black "Kocsis, Peter"]
[Result "1/2-1/2"]
[WhiteElo "2088"]
[BlackElo "1929"]
[Annotator "NA RC"]
[PlyCount "69"]
[EventDate "2019.10.26"]
[EventType "team-tourn"]
[EventCountry "HUN"]
[SourceTitle "playchess.com"]
[Source "ChessBase"]
[SourceQuality "1"]
[TimeControl "5400+30"]

1. e4 {[%emt 0:00:00]} e5 {[%emt 0:00:00]} 2. Nf3 {[%emt 0:00:00]} Nc6 {[%emt 0:00:00]} 3. Bb5 {[%emt 0:00:04]} Nd4 {[%emt 0:00:00]} 4. Nxd4 {[%emt 0:01:57]} exd4 {[%emt 0:00:00]} 5. Bc4 {[%emt 0:00:33]} Nf6 {[%emt 0:00:26]} 6. d3 {[%emt 0:01:44]} d5 {[%emt 0:02:13]} 7. exd5 {[%emt 0:01:50]} Nxd5 {[%emt 0:00:09]} 8. O-O {[%emt 0:01:02]} Be6 {[%emt 0:02:58]} 9. Re1 {[%emt 0:02:22]} Qd7 {[%emt 0:09:29]} 10. c3 {[%emt 0:07:18]} dxc3 {[%emt 0:04:25]} 11. bxc3 {[%emt 0:05:37]} O-O-O {[%emt 0:00:27]} 12. Bg5 {[%emt 0:09:43]} f6 {[%emt 0:04:18]} 13. Be3 {[%emt 0:17:38]} Nxe3 {[%emt 0:04:45]} 14. Bxe6 {[%emt 0:01:34]} Nxd1 {[%emt 0:00:02]} 15. Bxd7+ {[%emt 0:00:09]} Rxd7 {[%emt 0:00:04]} 16. Rxd1 {[%emt 0:00:08]} Bc5 {[%emt 0:02:11]} 17. d4 {[%emt 0:04:35]} Rhd8 {[%emt 0:00:59]} 18. Nd2 {[%emt 0:12:04]} Bxd4 {[%emt 0:01:08]} 19. Ne4 {[%emt 0:00:32]} f5 {[%emt 0:09:57]} 20. Rxd4 {[%emt 0:07:02]} Rxd4 {[%emt 0:00:05]} 21. cxd4 {[%emt 0:00:11]} fxe4 {[%emt 0:00:03]} 22. Rd1 {[%emt 0:00:16]} c5 {[%emt 0:04:50]} 23. Rc1 {[%emt 0:01:34]} Rxd4 {[%emt 0:00:03]} 24. Rxc5+ {[%emt 0:00:05]} Kd7 {[%emt 0:00:13]} 25. Kf1 {[%emt 0:00:34]} Rd2 {[%emt 0:03:41]} 26. a4 {[%emt 0:03:55]} Rd4 {[%emt 0:01:23]} 27. a5 {[%emt 0:04:50]} Ke6 {[%emt 0:06:43]} 28. Rb5 {[%emt 0:02:13]} Rd7 {[%emt 0:00:20]} 29. Ke2 {[%emt 0:00:15]} Kd6 {[%emt 0:02:32]} 30. Ke3 {[%emt 0:01:32]} Re7 {[%emt 0:00:52]} 31. Kd4 {[%emt 0:00:23]} Kc6 {[%emt 0:09:21]} 32. Rc5+ {[%emt 0:00:13]} Kd6 {[%emt 0:00:10]} 33. Rb5 {[%emt 0:00:08]} Kc6 {[%emt 0:06:00]} 34. Rc5+ {[%emt 0:00:07]} Kd6 {[%emt 0:00:05]} 35. Rb5 {[%emt 0:00:05]} 1/2-1/2

[Event "HUN-chT Youth 2019"]
[Site "Budapest"]
[Date "2019.10.27"]
[Round "2.28"]
[White "Sulyok, Eszter"]
[Black "Kovacs, Gabor Etele"]
[Result "1-0"]
[WhiteElo "1893"]
[BlackElo "2053"]
[Annotator "NA"]
[PlyCount "119"]
[EventDate "2019.10.26"]
[EventType "team-tourn"]
[EventCountry "HUN"]
[SourceTitle "playchess.com"]
[Source "ChessBase"]
[SourceQuality "1"]
[TimeControl "5400+30"]

1. c4 {[%emt 0:00:00]} e6 {[%emt 0:00:00]} 2. g3 {[%emt 0:00:00]} d5 {[%emt 0:00:13]} 3. Bg2 {[%emt 0:00:00]} Nf6 {[%emt 0:00:15]} 4. Nf3 {[%emt 0:00:04]} Be7 {[%emt 0:00:29]} 5. O-O {[%emt 0:00:41]} O-O {[%emt 0:00:22]} 6. b3 {[%emt 0:00:40]} b6 {[%emt 0:07:14]} 7. Bb2 {[%emt 0:03:28]} Nbd7 {[%emt 0:03:49]} 8. d4 {[%emt 0:07:15]} Bb7 {[%emt 0:02:57]} 9. Nc3 {[%emt 0:03:54]} Rc8 {[%emt 0:02:44]} 10. Ne5 {[%emt 0:05:04]} c6 {[%emt 0:05:50]} 11. Nd3 {[%emt 0:08:37]} Ba6 {[%emt 0:08:03]} 12. cxd5 {[%emt 0:03:12]} cxd5 {[%emt 0:00:16]} 13. Rc1 {[%emt 0:00:34]} h6 {[%emt 0:03:21]} 14. Qd2 {[%emt 0:02:48]} Bxd3 {[%emt 0:14:21]} 15. Qxd3 {[%emt 0:00:43]} Nb8 {[%emt 0:00:20]} 16. Rc2 {[%emt 0:04:36]} Nc6 {[%emt 0:01:44]} 17. a3 {[%emt 0:00:07]} Na5 {[%emt 0:03:14]} 18. Nb1 {[%emt 0:11:02]} Qd7 {[%emt 0:02:59]} 19. Rfc1 {[%emt 0:00:40]} Bd6 {[%emt 0:00:58]} 20. Nd2 {[%emt 0:02:09]} Rxc2 {[%emt 0:04:36]} 21. Qxc2 {[%emt 0:02:25]} Rd8 {[%emt 0:08:41]} 22. e4 {[%emt 0:09:15]} dxe4 {[%emt 0:04:54]} 23. Nxe4 {[%emt 0:00:10]} Nxe4 {[%emt 0:02:47]} 24. Bxe4 {[%emt 0:00:07]} Bb8 {[%emt 0:01:04]} 25. Qc3 {[%emt 0:02:16]} Nb7 {[%emt 0:10:59]} 26. b4 {[%emt 0:05:39]} Nd6 {[%emt 0:05:24]} 27. Bc6 {[%emt 0:01:43]} Qe7 {[%emt 0:00:49]} 28. d5 {[%emt 0:00:42]} f6 {[%emt 0:00:17]} 29. Re1 {[%emt 0:05:12]} e5 {[%emt 0:00:08]} 30. b5 {[%emt 0:00:42]} Nb7 31. Qb3 {[%emt 0:08:47]} Kh8 {[%emt 0:03:31]} 32. Bc3 {[%emt 0:00:18]} Nc5 {[%emt 0:00:52]} 33. Qc4 {[%emt 0:00:21]} Qf7 {[%emt 0:00:31]} 34. Bb4 {[%emt 0:01:21]} Bd6 {[%emt 0:00:04]} 35. Bd2 {[%emt 0:00:58]} Qh5 {[%emt 0:00:45]} 36. Be3 {[%emt 0:01:27]} Qf3 {[%emt 0:01:40]} 37. Qe2 {[%emt 0:01:05]} Qf5 {[%emt 0:00:11]} 38. Rd1 {[%emt 0:00:35]} Na4 {[%emt 0:00:38]} 39. Qd3 {[%emt 0:01:42]} Qh5 {[%emt 0:00:13]} 40. Rc1 {[%emt 0:00:22]} Nc5 {[%emt 0:00:44]} 41. Qc2 {[%emt 0:00:53]} Qg4 {[%emt 0:01:01]} 42. Bxc5 {[%emt 0:00:46]} Bxc5 {[%emt 0:00:00]} 43. a4 {[%emt 0:00:35]} Qf3 {[%emt 0:00:12]} 44. Re1 {[%emt 0:00:30]} Rd6 {[%emt 0:00:39]} 45. a5 {[%emt 0:00:26]} Rxd5 {[%emt 0:02:01]} 46. Bxd5 {[%emt 0:00:14]} Qxd5 {[%emt 0:00:02]} 47. Rd1 {[%emt 0:00:12]} Bd4 {[%emt 0:00:14]} 48. axb6 {[%emt 0:00:32]} axb6 {[%emt 0:00:09]} 49. Rc1 {[%emt 0:01:09]} Bc5 {[%emt 0:00:33]} 50. Qc4 {[%emt 0:01:03]} Qd2 {[%emt 0:00:50]} 51. Rc2 {[%emt 0:01:49]} Qd7 {[%emt 0:00:50]} 52. Ra2 {[%emt 0:00:29]} Qb7 {[%emt 0:00:26]} 53. Qa4 {[%emt 0:00:23]} Qf7 {[%emt 0:00:45]} 54. Rd2 {[%emt 0:00:40]} Bd4 {[%emt 0:00:13]} 55. Rc2 {[%emt 0:00:40]} Bc5 {[%emt 0:00:10]} 56. Qa8+ {[%emt 0:00:29]} Kh7 {[%emt 0:00:01]} 57. Qe4+ {[%emt 0:00:07]} Kg8 {[%emt 0:00:33]} 58. Qc4 {[%emt 0:00:23]} Qxc4 {[%emt 0:00:11]} 59. Rxc4 {[%emt 0:00:03]} Kf7 {[%emt 0:00:07]} 60. Rxc5 {[%emt 0:00:23]} 1-0

[Event "HUN-chT Youth 2019"]
[Site "Budapest"]
[Date "2019.10.27"]
[Round "2.29"]
[White "Giang, Tran Nam"]
[Black "Szabo, Miklos"]
[Result "1-0"]
[WhiteElo "2028"]
[BlackElo "1796"]
[Annotator "NA RC"]
[PlyCount "75"]
[EventDate "2019.10.26"]
[EventType "team-tourn"]
[EventCountry "HUN"]
[SourceTitle "playchess.com"]
[Source "ChessBase"]
[SourceQuality "1"]
[TimeControl "5400+30"]

1. e4 {[%emt 0:00:00]} e5 {[%emt 0:00:00]} 2. Nf3 {[%emt 0:00:00]} Nc6 {[%emt 0:00:00]} 3. Bb5 {[%emt 0:00:00]} a6 {[%emt 0:00:49]} 4. Ba4 {[%emt 0:00:00]} Nf6 {[%emt 0:00:21]} 5. O-O {[%emt 0:00:12]} Bd6 {[%emt 0:01:55]} 6. Re1 {[%emt 0:02:40]} b5 {[%emt 0:02:24]} 7. Bb3 {[%emt 0:00:14]} Bb7 {[%emt 0:00:47]} 8. c3 {[%emt 0:00:56]} O-O {[%emt 0:01:45]} 9. d4 {[%emt 0:02:36]} h6 {[%emt 0:00:46]} 10. dxe5 {[%emt 0:04:43]} Nxe5 {[%emt 0:01:49]} 11. Nxe5 {[%emt 0:03:56]} Bxe5 {[%emt 0:00:01]} 12. Nd2 {[%emt 0:00:33]} c5 {[%emt 0:05:17]} 13. Nf3 {[%emt 0:03:29]} Bc7 {[%emt 0:03:12]} 14. e5 {[%emt 0:04:10]} Ng4 {[%emt 0:06:12]} 15. Bf4 {[%emt 0:02:27]} c4 {[%emt 0:06:24]} 16. Bc2 {[%emt 0:01:11]} Re8 {[%emt 0:22:17]} 17. Be4 {[%emt 0:12:44]} Bxe4 {[%emt 0:02:02]} 18. Rxe4 {[%emt 0:00:16]} d6 {[%emt 0:20:02]} 19. Rd4 {[%emt 0:04:05]} Bb6 {[%emt 0:00:10]} 20. Rd2 {[%emt 0:00:55]} d5 {[%emt 0:05:40]} 21. Nd4 {[%emt 0:03:13]} Qc8 {[%emt 0:04:50]} 22. Re2 {[%emt 0:05:06]} Bc7 {[%emt 0:01:24]} 23. Qe1 {[%emt 0:02:33]} f6 {[%emt 0:02:51]} 24. Nf3 {[%emt 0:08:19]} Qb8 {[%emt 0:01:07]} 25. Qd2 {[%emt 0:04:57]} fxe5 {[%emt 0:03:13]} 26. Qxd5+ Kh8 27. Bg3 {[%emt 0:01:56]} Nf6 {[%emt 0:00:49]} 28. Qd2 {[%emt 0:03:11]} e4 {[%emt 0:04:24]} 29. Nd4 {[%emt 0:01:17]} Bxg3 {[%emt 0:00:23]} 30. hxg3 {[%emt 0:00:02]} Qb7 {[%emt 0:00:38]} 31. Rae1 {[%emt 0:00:22]} Rad8 {[%emt 0:00:32]} 32. Qf4 {[%emt 0:00:42]} b4 {[%emt 0:01:47]} 33. Nf5 {[%emt 0:00:49]} Qb8 {[%emt 0:01:14]} 34. Qh4 {[%emt 0:01:39]} Kh7 {[%emt 0:00:32]} 35. Nxh6 {[%emt 0:00:33]} gxh6 {[%emt 0:00:13]} 36. Qxf6 {[%emt 0:00:11]} Rg8 {[%emt 0:00:39]} 37. Rxe4 {[%emt 0:00:17]} Rd6 {[%emt 0:00:06]} 38. Re7+ {[%emt 0:00:08]} 1-0

[Event "HUN-chT Youth 2019"]
[Site "Budapest"]
[Date "2019.10.27"]
[Round "2.31"]
[White "Papp, Bence"]
[Black "Kaloczi, Kristof"]
[Result "1-0"]
[WhiteElo "2184"]
[BlackElo "2099"]
[Annotator "TA"]
[PlyCount "97"]
[EventDate "2019.10.26"]
[EventType "team-tourn"]
[EventCountry "HUN"]
[SourceTitle "playchess.com"]
[Source "ChessBase"]
[SourceQuality "1"]

{[%evp 11,97,49,54,58,59,87,478,475,462,314,431,413,420,410,407,302,277,243,253,239,233,208,233,187,186,189,239,246,252,229,241,227,254,247,257,245,254,255,277,268,262,276,426,452,399,338,330,293,268,276,418,413,393,401,406,406,406,390,470,408,416,413,602,599,778,706,706,706,928,907,2608,2544,1619,4627,29967,29967,29977,29977,29979,29977,29981,29982,29981,29982,29983,29984,29984,29985]} 1. e4 e6 2. d4 b6 3. Bd3 Bb7 4. Nf3 d5 5. Qe2 Nf6 6. e5 Nfd7 7. Ng5 {B00: Queen's Fianchetto Defence, Nimzowitsch Defence} (7. c3 c5 8. Be3 Be7 9. Nbd2 Qc8 10. O-O Ba6 11. Bg5 Bxd3 12. Qxd3 Qa6 13. Qe3 Nc6 14. a3 h6 15. Bxe7 Nxe7 {1-0 (55) Lenderman,A (2611)-Nakamura,H (2781) chess.com INT 2018}) 7... g6 8. h4 {Hoping for h5.} h5 $2 {[%mdl 8192] [#]} (8... Nc6 $16) 9. Nxe6 $1 $18 {[%mdl 512] White is clearly winning.} Qc8 (9... fxe6 10. Bxg6+) 10. Nf4 $146 ({Predecessor:} 10. Ng5 Be7 11. e6 Nf8 12. exf7+ Kd8 13. Qe5 Rh6 14. Qg7 {1-0 (14) Bouaraba,M (2177)-Kierzek,M (2009) Bad Zwesten 2001}) 10... Be7 11. e6 {Strongly threatening exf7+.} Nf8 12. exf7+ Kxf7 13. Qf3 {[#] And now Nxg6+ would win.} Kg7 14. Be3 Qg4 15. Nd2 Nbd7 16. O-O-O Nf6 17. Rdg1 Bd6 18. Rh3 Rg8 19. Rg3 Qxf3 20. gxf3 ({Resist} 20. Nxf3 $6 Ne4 $16) 20... Kf7 21. R3g2 Bxf4 22. Bxf4 c5 23. dxc5 bxc5 24. c4 Ba6 25. Bd6 dxc4 26. Nxc4 {Threatens to win with Re1.} Bxc4 (26... Rd8 $142 27. Rg5 Kg7) 27. Bxc4+ Ne6 28. Re1 Rge8 29. Bxc5 Rac8 30. b4 Nd7 (30... a5 {was necessary.}) 31. Bxe6+ Rxe6 32. Rxe6 Kxe6 33. Rxg6+ {[%mdl 4096] Endgame KRB-KRN} Kf5 34. Rg5+ Kf4 35. Rxh5 Kxf3 36. Kb2 Nxc5 (36... Kg4 $142 37. Rg5+ Kxh4) 37. Rxc5 {KR-KR} Rh8 38. Rf5+ Ke4 39. Rf7 Rxh4 40. Rxa7 Rf4 41. Rd7 Rxf2+ 42. Kb3 Ke5 43. b5 {[%cal Bb4b5,Bb5b6][%mdl 32] White mates.} Ke6 44. Rd1 Rf4 45. a4 Rh4 46. b6 Rh3+ 47. Kb4 Rh4+ 48. Kb5 Rh5+ 49. Ka6 {Accuracy: White = 84%, Black = 34%.} 1-0

[Event "HUN-chT Youth 2019"]
[Site "Budapest"]
[Date "2019.10.27"]
[Round "2.32"]
[White "Czumbel, Peter"]
[Black "Leszko, Bence"]
[Result "1/2-1/2"]
[WhiteElo "2021"]
[BlackElo "2201"]
[Annotator "NA"]
[PlyCount "132"]
[EventDate "2019.10.26"]
[EventType "team-tourn"]
[EventCountry "HUN"]
[SourceTitle "playchess.com"]
[Source "ChessBase"]
[SourceQuality "1"]
[TimeControl "5400+30"]

1. Nf3 {[%emt 0:00:00]} e6 {[%emt 0:00:00]} 2. g3 {[%emt 0:00:00]} b6 {[%emt 0:00:00]} 3. Bg2 {[%emt 0:00:00]} Bb7 {[%emt 0:00:00]} 4. d3 {[%emt 0:00:14]} (4. O-O g6 5. c4 Bg7 6. Nc3 Nf6 7. Re1 d5 8. cxd5 Nxd5 9. e4 Nxc3 10. bxc3 c5 11. d4 Nc6 12. Bg5 Ne7 13. Qa4+ Bc6 {1-0 (38) Halkias,S (2552)-Fressinet,L (2652) Skopje 2019}) 4... f5 {[%emt 0:00:24]} 5. e4 {[%emt 0:05:26]} fxe4 {[%emt 0:00:35]} 6. Ng5 {[%emt 0:00:38] A04: Unusual lines after 1 Nf3 and King's Indian Attack} Nf6 {[%emt 0:00:22]} 7. Nxe4 {[%emt 0:03:09]} Nxe4 {[%emt 0:00:10]} 8. Qh5+ {[%emt 0:07:05]} g6 {[%emt 0:00:08]} 9. Qe5 {[%emt 0:00:07]} Rg8 {[%emt 0:00:55]} 10. Bxe4 $146 {[%emt 0:00:37]} ({Predecessor:} 10. dxe4 Bg7 11. Qf4 {0-1 (40) Bielmeier,L (2123)-Keller,A (1909) Bayerisch Eisenstein 2013}) 10... Bg7 {[%emt 0:01:37]} 11. Qf4 {[%emt 0:01:58]} d5 {[%emt 0:02:00]} 12. Bg2 {[%emt 0:00:12]} Qe7 {[%emt 0:02:16]} 13. O-O {[%emt 0:00:43]} e5 {[%emt 0:01:32]} 14. Qg4 {[%emt 0:00:42]} Nd7 {[%emt 0:01:15]} 15. Nc3 {[%emt 0:03:12]} c6 {[%emt 0:02:21]} 16. Re1 {[%emt 0:04:12]} O-O-O {[%emt 0:02:26]} 17. f4 {[%emt 0:08:13]} Kb8 {[%emt 0:09:15]} 18. fxe5 {[%emt 0:01:11]} Bxe5 {[%emt 0:11:49]} 19. Bg5 {[%emt 0:13:01]} Qc5+ {[%emt 0:00:25]} 20. Kh1 {[%emt 0:00:50]} h5 {[%emt 0:00:06]} 21. Qe6 {[%emt 0:01:55]} Rge8 {[%emt 0:12:31]} 22. Qf7 {[%emt 0:00:15]} Rf8 {[%emt 0:00:42]} 23. Qxg6 {[%emt 0:04:12]} Rg8 {[%emt 0:04:40]} 24. Qxh5 {[%emt 0:09:11]} Rh8 {[%emt 0:03:36]} 25. Qf3 {[%emt 0:01:21]} Rdf8 {[%emt 0:01:20]} 26. Bf4 {[%emt 0:01:39]} Ka8 {[%emt 0:01:03]} 27. Re2 {[%emt 0:05:09]} Qd6 {[%emt 0:05:01]} 28. Rf1 {[%emt 0:02:44]} Bxf4 {[%emt 0:01:48]} 29. gxf4 {[%emt 0:00:07]} Rh4 {[%emt 0:01:58]} 30. Qg3 {[%emt 0:01:43]} Rfh8 {[%emt 0:00:22]} 31. Re8+ {[%emt 0:00:37]} Rxe8 {[%emt 0:01:30]} 32. Qxh4 {[%emt 0:00:06]} Qb4 {[%emt 0:00:29]} 33. Qh7 {[%emt 0:05:03]} Nc5 {[%emt 0:01:15]} 34. Qf7 {[%emt 0:01:25]} Rh8 {[%emt 0:00:32]} 35. Qf6 {[%emt 0:01:54]} Re8 {[%emt 0:00:30]} 36. a3 {[%emt 0:01:47]} Qxb2 {[%emt 0:01:23]} 37. Nxd5 $1 {[%emt 0:00:12] Discovered Attack} Qxf6 {[%emt 0:00:07]} 38. Nxf6 {[%emt 0:00:07]} Rf8 {[%emt 0:00:08]} 39. Ne4 {[%emt 0:00:16]} Ne6 {[%emt 0:00:37]} 40. f5 {[%emt 0:01:43]} Nd4 {[%emt 0:01:28]} 41. c3 {[%emt 0:01:01]} Nc2 {[%emt 0:00:13]} 42. f6 {[%emt 0:01:39]} Ne3 {[%emt 0:00:09]} 43. Rf3 {[%emt 0:00:20]} Nxg2 {[%emt 0:02:30]} 44. Kxg2 {[%emt 0:00:11]} c5 {[%emt 0:00:03]} 45. Rf4 {[%emt 0:00:28]} c4 {[%emt 0:00:16]} 46. dxc4 {[%emt 0:00:36]} Bxe4+ 47. Rxe4 {[%emt 0:00:08]} Rxf6 {[%emt 0:00:16]} 48. Kg3 {[%emt 0:00:16]} Kb7 {[%emt 0:00:19]} 49. h4 {[%emt 0:00:19]} Rf1 {[%emt 0:00:35]} 50. h5 {[%emt 0:01:09]} Rg1+ {[%emt 0:00:11]} 51. Kf4 $18 {[%emt 0:01:03]} Kc6 {[%emt 0:01:26]} 52. Kf5 {[%emt 0:01:15]} Rh1 {[%emt 0:01:38]} 53. Kg6 {[%emt 0:00:15]} Rg1+ 54. Kh7 {[%emt 0:00:19]} Rg3 {[%emt 0:00:22]} 55. h6 {[%emt 0:00:56]} Rxc3 {[%emt 0:00:25]} 56. Kg7 {[%emt 0:00:22]} Rg3+ {[%emt 0:01:03]} 57. Kf6 {[%emt 0:01:45]} Rxa3 {[%emt 0:01:44]} 58. Rh4 {[%emt 0:01:33]} Rf3+ {[%emt 0:00:17]} 59. Kg5 {[%emt 0:00:54]} Rf8 {[%emt 0:01:23]} 60. h7 {[%emt 0:00:24]} Rh8 {[%emt 0:00:13]} 61. Kg6 {[%emt 0:00:25]} Kc5 {[%emt 0:02:24]} 62. Kg7 {[%emt 0:00:37]} Rxh7+ {[%emt 0:04:07]} 63. Kxh7 {[%emt 0:00:13]} a5 {[%emt 0:00:05]} 64. Kg6 {[%emt 0:02:51]} a4 {[%emt 0:00:10]} 65. Kf5 {[%emt 0:00:51]} a3 {[%emt 0:00:31]} 66. Rh3 {[%emt 0:02:19]} Kb4 {[%emt 0:00:24]} 1/2-1/2

[Event "HUN-chT Youth 2019"]
[Site "Budapest"]
[Date "2019.10.27"]
[Round "2.33"]
[White "Tapodi, Norman Lajos"]
[Black "Fodor, Kornel"]
[Result "1-0"]
[WhiteElo "2102"]
[BlackElo "1933"]
[Annotator "TA"]
[PlyCount "47"]
[EventDate "2019.10.26"]
[EventType "team-tourn"]
[EventCountry "HUN"]
[SourceTitle "playchess.com"]
[Source "ChessBase"]
[SourceQuality "1"]

{[%evp 20,47,10,0,8,0,0,-51,15,-31,-37,-48,0,-38,-9,0,0,-18,34,6,19,26,14,28,87,95,131,135,524,514]} 1. d4 Nf6 2. c4 g6 3. Nc3 Bg7 4. e4 d6 5. f3 O-O 6. Be3 c5 7. d5 e6 8. Qd2 exd5 9. cxd5 Re8 10. Nge2 a6 11. a4 Nbd7 {A65: Modern Benoni: 6 e4} 12. Ng3 h5 13. Bg5 (13. Be2 $11) (13. Be2 h4 14. Nf1 Nh7 15. Bf2 f5 16. Ne3 f4 17. Nc4 Qf6 18. g3 Bh6 19. gxh4 Ne5 20. Nxe5 Qxe5 {½-½ (37) Ponomariov,R (2714)-Gelfand,B (2743) Beijing 2014}) 13... Qa5 (13... h4 $1 $15 14. Nge2 h3) 14. Ra3 Nh7 15. Bh6 Bh8 16. h4 $146 ({Predecessor:} 16. Be2 h4 17. Nf1 f5 18. exf5 gxf5 19. Ne3 {0-1 (34) Dittmar,P (2297)-Doggers,P (2215) Triesen 2014}) 16... Ne5 17. Be2 Bd7 18. Nf1 Qc7 ({Better is} 18... f5 $11) 19. a5 b5 {[#] ...b4 is the strong threat.} 20. axb6 $1 Qxb6 21. Ne3 Nf6 (21... Reb8 $11 {keeps the balance.}) 22. Bf4 $16 Bb5 {[#]} 23. Bxe5 $1 Rxe5 $4 {[%mdl 8192]} (23... dxe5 $16 {is tougher.} 24. Rb3 Rec8 25. Bxb5 axb5) 24. Bxb5 {[%mdl 64] Pin. Accuracy: White = 32%, Black = 21%.} 1-0

[Event "HUN-chT Youth 2019"]
[Site "Budapest"]
[Date "2019.10.27"]
[Round "2.34"]
[White "Lakatos, Tamas"]
[Black "Daroczi, Donat"]
[Result "0-1"]
[WhiteElo "1893"]
[BlackElo "1976"]
[Annotator "NA RC"]
[PlyCount "48"]
[EventDate "2019.10.26"]
[EventType "team-tourn"]
[EventCountry "HUN"]
[SourceTitle "playchess.com"]
[Source "ChessBase"]
[SourceQuality "1"]
[TimeControl "5400+30"]

1. e4 {[%emt 0:00:00]} e6 {[%emt 0:00:00]} 2. d4 {[%emt 0:00:00]} d5 {[%emt 0:00:00]} 3. Nc3 {[%emt 0:00:00]} Nf6 {[%emt 0:00:00]} 4. e5 {[%emt 0:00:06]} Nfd7 {[%emt 0:00:00]} 5. f4 {[%emt 0:00:10]} c5 {[%emt 0:00:00]} 6. Nf3 {[%emt 0:00:12]} Nc6 {[%emt 0:00:12]} 7. Be3 {[%emt 0:00:54]} a6 {[%emt 0:00:33]} 8. Be2 {[%emt 0:01:07]} b5 {[%emt 0:00:35]} 9. O-O {[%emt 0:02:12]} Qb6 {[%emt 0:04:43]} 10. Kh1 {[%emt 0:01:02]} cxd4 {[%emt 0:04:30]} 11. Nxd4 {[%emt 0:02:30]} Bc5 {[%emt 0:01:30]} 12. Nxc6 {[%emt 0:02:00]} Bxe3 {[%emt 0:01:17]} 13. Nb4 {[%emt 0:00:17]} Bb7 {[%emt 0:03:14]} 14. f5 {[%emt 0:02:59]} d4 {[%emt 0:04:44]} 15. fxe6 {[%emt 0:01:53]} fxe6 {[%emt 0:03:18]} 16. Bd3 {[%emt 0:04:04]} dxc3 {[%emt 0:03:35]} 17. Qh5+ {[%emt 0:01:35]} Kd8 {[%emt 0:01:12]} 18. Rad1 {[%emt 0:05:22]} Kc7 {[%emt 0:02:18]} 19. Rf7 {[%emt 0:03:00]} Raf8 {[%emt 0:02:25]} 20. Bf5 {[%emt 0:02:06]} Bd4 {[%emt 0:05:08]} 21. bxc3 {[%emt 0:00:56]} g6 {[%emt 0:01:02]} 22. Rxf8 {[%emt 0:09:09]} Rxf8 {[%emt 0:01:59]} 23. Qxh7 {[%emt 0:00:32]} Rxf5 {[%emt 0:00:40]} 24. cxd4 {[%emt 0:00:06]} Qxd4 {[%emt 0:00:25]} 0-1